• 首页
  • 本馆介绍
  • 公告通知
  • 最新文献
  • 馆藏检索
  • 电子资源
  • 读者导购
  • 参考咨询
  • 我的图书馆
  • 登录
  • 详细信息显示
  • 放入我的书架
  • 预约/预借图书
  • 作者相关作品
  • 分类相关作品
  • 丛书相关作品
  • 出版社相关作品

书目信息

  • 表格格式
  • 工作单格式
  • 卡片格式
题名:
纳达尔
    
 
作者: 欧菲尔德 著 ;张文悦 校译 ;北京钧越网秀体育发展责任公司 译
分册:  
出版信息: 北京   中国青年出版社  2009
页数: 220页
开本: 24cm
丛书名:
单 册:
中图分类: K835.515.47=6
科图分类:
主题词: 网球运动--优秀运动员--生平事迹--西班牙--现代 , 网球运动 , 优秀运动员
电子资源:
ISBN: 978-7-5006-8915-7
000 01265nam0 2200313 45
001 1130231312
005 20110309143204.00
010    @a978-7-5006-8915-7@dCNY38.00
100    @a20110122d2009 em y0chiy50 ea
101 1  @achi@ceng
102    @aCN@b110000
105    @aa z 000yd
106    @ar
200 1  @a纳达尔@ANa Da Er@e冲破极限的勇士@EChong Po Ji Xian De Yong Shi@dRafael Nadal:the biography@f(英)汤姆·欧菲尔德(Tom Oldfield)著@F( Ying ) Tang Mu· Ou Fei Er De (Tom Oldfield) Zhu@g钧越网秀译@g张文悦校译@zeng
210    @a北京@c中国青年出版社@d2009
215    @a220页@c照片@d24cm
330    @a本书揭示了纳达尔个人成长、变身球王的经历。全面记录、呈现他职业生涯的辉煌时刻与非凡历程。
510 1  @aRafael Nadal@ethe biography@zeng
517 1  @a冲破极限的勇士@AChong Po Ji Xian De Yong Shi
606 0  @a网球运动@x优秀运动员@x生平事迹@y西班牙@z现代
606 0  @a网球运动
606 0  @a优秀运动员
610 0  @a纳达尔(1986~)
690    @aK835.515.47=6@v4
701  1 @a欧菲尔德@AOu Fei Er De@g(Oldfield,Tom)@4著
702  0 @a张文悦@AZhang Wen Yue@4校译
712 02 @a北京钧越网秀体育发展责任公司@ABei Jing Jun Yue Wang Xiu Ti Yu Fa Zhan Ze Ren Gong Si@4译
801  0 @aCN@bTANGWEI@c20110309
905    @b0530731-34@dK835.515.47=6@e697@f4
    
    纳达尔:冲破极限的勇士=Rafael Nadal:the biography/(英)汤姆·欧菲尔德(Tom Oldfield)著/钧越网秀译/张文悦校译.-北京:中国青年出版社,2009
    220页:照片;24cm
    
    
    ISBN 978-7-5006-8915-7:CNY38.00
    本书揭示了纳达尔个人成长、变身球王的经历。全面记录、呈现他职业生涯的辉煌时刻与非凡历程。
●
相关链接 在E读中查询图书 在五车中查询图书 在当当中查询图书 在豆瓣中查询图书


正题名:纳达尔     索取号:K835.515.47=6/697         预约/预借

序号 登录号 条形码 馆藏地/架位号 状态 备注
1 0530731   205307318   第二样本阅览室/ [索取号:K835.515.47=6/697] 在馆    
2 0530732   205307327   第二借阅区/ [索取号:K835.515.47=6/697] 在馆    
3 0530733   205307336   第二借阅区/ [索取号:K835.515.47=6/697] 在馆    
4 0530734   205307345   第二借阅区/ [索取号:K835.515.47=6/697] 在馆    
唐山师范学院图书馆 欢迎您!
大连网信软件有限公司© 版权所有